Atkinson Grimshaw
Αποθηκεύτηκε σε:
| Κύριος συγγραφέας: | |
|---|---|
| Μορφή: | Βιβλίο |
| Γλώσσα: | English |
| Δημοσίευση: |
London :
Phaidon,
1996
|
| Έκδοση: | 1st pbk. ed. |
| Θέματα: | |
| Ετικέτες: |
Προσθήκη ετικέτας
Δεν υπάρχουν, Καταχωρήστε ετικέτα πρώτοι!
|
MARC
| LEADER | 00000nam a2200000 i 4500 | ||
|---|---|---|---|
| 001 | 1/36229 | ||
| 008 | 061025s1996 eng d | ||
| 020 | |a 0-7148-3575-7 | ||
| 035 | |l 10085763 | ||
| 040 | |a GR-MY-UA |b gre |e aacr | ||
| 041 | 0 | |a eng | |
| 082 | 0 | |a 700.92 |2 (22) | |
| 100 | 1 | |a Robertson, Alexander. | |
| 245 | 1 | 0 | |a Atkinson Grimshaw / |c Alexander Robertson |
| 250 | |a 1st pbk. ed. | ||
| 260 | |a London : |b Phaidon, |c 1996 | ||
| 300 | |a 127 σ.; |b εικ.; |c 28 εκ. | ||
| 504 | |a Περιλαμβάνει βιβλιογραφία (σ. 124) και ευρετήριο | ||
| 600 | 1 | 0 | |a Grimshaw Atkinson |d 1836-1893 |x Criticism and interpretation. |
| 650 | 0 | 0 | |a Painting, English. |
| 852 | |a INST |b SYROS |e 20061025 |h 700.92 GRI |p 005500004594 |q 005500004594 |t BK |y 0 | ||
| 901 | |a BIBL5-2006-3 | ||
| 909 | |a Ε |b 129614 | ||
| 922 | |a 5ΕΛΗ |b 200610 |c ΒΙΒΛΙΟΘΗΚΗ ΣΥΡΟΥ |d ΜΙΧΑΛΟΠΟΥΛΟΣ | ||
| 950 | |a 188-2006-09-18 | ||
| 970 | |a ΚΟΝΤΟΥ |b ΠΑΡΑΣΚΕΥΗ |z 2006/11/22 | ||